[Event "SV Wattenscheid 2 - SF Katernberg 2"]
[Site "Oberliga NRW 2010/2011"]
[Date "2011.04.03"]
[Round "9.7"]
[White "Nautsch, Werner"]
[Black "Bouaraba, Max"]
[Result "1/2-1/2"]
[WhiteElo "2128"]
[BlackElo "2132"]
[PlyCount "64"]
[EventDate "2011.??.??"]

1. d4 Nf6 2. c4 e6 3. Nc3 Bb4 4. Qc2 c5 5. a3 Bxc3+ 6. bxc3 Nc6 7. Nf3 d6 8.
Bg5 h6 9. Bd2 e5 10. d5 Na5 11. e4 O-O 12. Bd3 b6 13. O-O Ba6 14. Qa2 Qd7 15.
Bc1 Nh5 16. Re1 Qa4 17. Nd2 Nf4 18. Bf1 Qd7 19. Nb3 Bxc4 20. Bxc4 Nxc4 21. Nxc5
Qb5 22. Bxf4 Qxc5 23. Be3 Nxe3 24. Rxe3 f5 25. Qd2 fxe4 26. Rxe4 Rf6 27. a4
Raf8 28. Rf1 Rf4 29. Rb4 e4 30. Qd4 R8f5 31. g3 Rf3 32. Qxc5 dxc5 1/2-1/2

[Event "SV Wattenscheid 2 - SF Katernberg 2"]
[Site "Oberliga NRW 2010/2011"]
[Date "2011.04.03"]
[Round "9.8"]
[White "Lehmann, Holger"]
[Black "Armbruester, Juergen"]
[Result "1-0"]
[WhiteElo "2139"]
[BlackElo "1961"]
[PlyCount "43"]
[EventDate "2011.??.??"]

1. c4 Nf6 2. Nc3 d5 3. cxd5 Nxd5 4. g3 c6 5. Bg2 g6 6. Qb3 Nf6 7. Nf3 Bg7 8.
O-O O-O 9. d4 Qb6 10. Qa3 Re8 11. h3 Na6 12. e4 e6 13. Rb1 Bf8 14. Qa4 c5 15.
d5 Bd7 16. Qd1 exd5 17. e5 Ne4 18. Nxd5 Qe6 19. Nh2 Qxe5 20. Bxe4 Kh8 21. Bg2
Rad8 22. Bf4 1-0

[Event "DJK Aufwärts Aachen 1 - SG Porz 2"]
[Site "Oberliga NRW 2010/2011"]
[Date "2011.04.03"]
[Round "9.1"]
[White "Korotkevych, Stanislav"]
[Black "Roeder, Matthias"]
[Result "1/2-1/2"]
[WhiteElo "2340"]
[BlackElo "2379"]
[Annotator "Hausrath,Daniel"]
[PlyCount "97"]
[EventDate "2011.??.??"]

1. d4 Nf6 2. Nf3 e6 3. c4 d5 4. Nc3 Nbd7 5. Bg5 c6 6. cxd5 exd5 7. e3 Be7 8.
Bd3 O-O 9. Qc2 Re8 10. O-O Nf8 11. Rae1 Be6 12. h3 N6d7 13. Bf4 Nb6 14. a3 Bd6
15. Bxd6 Qxd6 16. e4 dxe4 17. Nxe4 Qc7 18. Nc5 Bd5 19. Ne5 f6 20. Ng4 Rxe1 21.
Rxe1 Bf7 22. Re3 Nd5 23. Rg3 Kh8 24. Ne3 Re8 25. Qd2 Nxe3 $11 26. Rxe3 Rxe3 27.
fxe3 b6 28. Ne4 Bg6 29. Nf2 Bxd3 30. Qxd3 Ne6 31. b4 Qd7 32. Qe4 Kg8 33. Qf5
Qd5 34. Qxd5 cxd5 35. Nd3 b5 36. Nc5 Kf7 37. Kf2 Ke7 38. Kf3 f5 39. Nd3 g6 40.
h4 Kf6 41. g3 h6 42. Ne5 g5 43. hxg5+ hxg5 44. g4 f4 45. Nc6 fxe3 46. Kxe3 a6
47. Nb8 Nc7 48. Nd7+ Ke7 49. Nc5 1/2-1/2

[Event "DJK Aufwärts Aachen 1 - SG Porz 2"]
[Site "Oberliga NRW 2010/2011"]
[Date "2011.04.03"]
[Round "9.2"]
[White "Braun, Christian"]
[Black "Malykin, Vitaly"]
[Result "1-0"]
[WhiteElo "2368"]
[BlackElo "2307"]
[Annotator "Hausrath,Daniel"]
[PlyCount "109"]
[EventDate "2011.??.??"]

1. e4 g6 2. d4 Bg7 3. Nc3 d6 4. Be3 a6 5. Qd2 b5 6. h4 Nf6 7. f3 h6 8. O-O-O
Bb7 9. Bd3 Nbd7 10. Qf2 c5 11. e5 dxe5 12. dxe5 Nxe5 13. Bxb5+ Nfd7 14. Bxd7+
Nxd7 15. Qd2 Bc6 16. h5 g5 17. f4 g4 18. Rh4 $11 f5 19. Qd3 O-O 20. Qc4+ Kh8
21. Nge2 e6 22. g3 Qe7 23. Rh2 Rfb8 24. Qd3 Qf6 25. Qd6 Bb5 26. Bxc5 Nxc5 27.
Qxc5 Rd8 $11 28. Rxd8+ Rxd8 29. a4 Be8 30. Rh1 Bf8 31. Qe5 Qxe5 32. fxe5 Bg7
33. Nf4 Bxe5 34. Nxe6 Rd6 35. Nf4 Bxf4+ 36. gxf4 Rd4 37. Rd1 Rxd1+ 38. Kxd1
Bxh5 39. Ke1 g3 40. Ne2 g2 41. Ng1 Be8 42. a5 Bc6 43. Kf2 Kg7 44. Ne2 Be4 45.
c4 h5 46. b4 h4 47. b5 h3 48. Kg1 axb5 49. cxb5 Kf6 50. a6 Ke7 51. Ng3 Bd5 52.
b6 Kd7 53. Nxf5 Be4 54. Nd4 Kc8 55. f5 1-0

[Event "DJK Aufwärts Aachen 1 - SG Porz 2"]
[Site "Oberliga NRW 2010/2011"]
[Date "2011.04.03"]
[Round "9.3"]
[White "Savchenko, Aleksij"]
[Black "Buscher, Michael"]
[Result "0-1"]
[WhiteElo "2207"]
[BlackElo "2361"]
[PlyCount "94"]
[EventDate "2011.??.??"]

1. d4 Nf6 2. c4 e6 3. Nc3 Bb4 4. Nf3 c5 5. e3 d6 6. Bd3 Bxc3+ 7. bxc3 Nc6 8.
O-O e5 9. Nd2 O-O 10. d5 Ne7 11. f4 exf4 12. exf4 Bf5 13. Qc2 Qd7 14. Ne4 Nxe4
15. Bxe4 Bxe4 16. Qxe4 f5 17. Qd3 Rae8 18. Bd2 Nc8 19. Rae1 g6 20. g4 Rxe1 21.
Rxe1 fxg4 22. Re6 Ne7 23. f5 Nxf5 24. Qe2 Kf7 25. Bg5 Re8 26. Rf6+ Kg7 27. Re6
Kf7 28. Rf6+ Kg8 29. Re6 Ng7 30. Rxe8+ Qxe8 31. Qxg4 Qe1+ 32. Kg2 Nf5 33. h4 h5
34. Qf4 Kf7 35. Qf3 Ke8 36. Kh3 Kd7 37. Bf6 Kc7 38. Bg5 Kb6 39. Bd8+ Ka6 40.
Bg5 Ka5 41. Bd8+ Ka4 42. Kg2 Ka3 43. Qd3 b6 44. Bg5 Nxh4+ 45. Kh3 Qh1+ 46. Kg3
Qg2+ 47. Kf4 Qg4+ 0-1

[Event "DJK Aufwärts Aachen 1 - SG Porz 2"]
[Site "Oberliga NRW 2010/2011"]
[Date "2011.04.03"]
[Round "9.4"]
[White "Skulener, Wladimir"]
[Black "Gallinnis, Norbert"]
[Result "1/2-1/2"]
[WhiteElo "2285"]
[BlackElo "2223"]
[PlyCount "31"]
[EventDate "2011.??.??"]

1. d4 Nf6 2. c4 c5 3. d5 Ne4 4. Qc2 Qa5+ 5. Nd2 Nf6 6. b3 g6 7. Bb2 Bg7 8. e4
d6 9. Ngf3 e5 10. dxe6 Bxe6 11. Be2 O-O 12. O-O Nc6 13. Bc3 Qc7 14. Qb2 Nh5 15.
Bxg7 Nxg7 16. Bd3 1/2-1/2

[Event "DJK Aufwärts Aachen 1 - SG Porz 2"]
[Site "Oberliga NRW 2010/2011"]
[Date "2011.04.03"]
[Round "9.5"]
[White "Peschlow, Patrick"]
[Black "van Dooren, Dirk"]
[Result "1-0"]
[WhiteElo "2280"]
[BlackElo "2248"]
[PlyCount "45"]
[EventDate "2011.??.??"]

1. e4 e6 2. d4 d5 3. Nc3 Nf6 4. e5 Nfd7 5. f4 c5 6. Nf3 Nc6 7. Be3 f6 8. exf6
Qxf6 9. Qd2 c4 10. Be2 Rb8 11. O-O Bb4 12. a3 Bxc3 13. bxc3 O-O 14. Ne5 Ndxe5
15. fxe5 Qe7 16. Bg5 Qe8 17. Rxf8+ Qxf8 18. Bh5 Bd7 19. Rf1 Qxa3 20. Rf7 Rf8
21. Rxd7 Qa1+ 22. Bd1 b5 23. Rxg7+ 1-0

[Event "DJK Aufwärts Aachen 1 - SG Porz 2"]
[Site "Oberliga NRW 2010/2011"]
[Date "2011.04.03"]
[Round "9.6"]
[White "Wantiez, Fabrice"]
[Black "Thalwitzer, David"]
[Result "1-0"]
[WhiteElo "2348"]
[BlackElo "2133"]
[PlyCount "67"]
[EventDate "2011.??.??"]

1. e4 c5 2. Nf3 d6 3. d4 cxd4 4. Nxd4 Nf6 5. Nc3 g6 6. Be3 Bg7 7. f3 O-O 8. Qd2
Nc6 9. Bc4 Bd7 10. Bb3 Rc8 11. O-O-O Ne5 12. h4 h5 13. Bh6 Rc5 14. Bxg7 Kxg7
15. Nd5 Nxd5 16. Bxd5 b5 17. Kb1 Nc4 18. Bxc4 bxc4 19. Qc3 Kg8 20. g4 Qa5 21.
Qe3 Rb8 22. gxh5 Rxh5 23. c3 Qb6 24. Qd2 Qa6 25. Nc2 Qa4 26. Nb4 Ra5 27. a3 Qb3
28. h5 Rxb4 29. hxg6 fxg6 30. cxb4 Rxa3 31. Qd5+ e6 32. Qa8+ Kf7 33. Rh7+ Kf6
34. Qd8+ 1-0

[Event "DJK Aufwärts Aachen 1 - SG Porz 2"]
[Site "Oberliga NRW 2010/2011"]
[Date "2011.04.03"]
[Round "9.7"]
[White "Thiemonds, Uli"]
[Black "Juegel, Marcel"]
[Result "1-0"]
[WhiteElo "2041"]
[BlackElo "2166"]
[PlyCount "67"]
[EventDate "2011.??.??"]

1. e4 e6 2. d4 b6 3. Nf3 Bb7 4. Bd3 c5 5. c3 Nf6 6. Qe2 Be7 7. O-O d5 8. Nbd2
Nc6 9. e5 Nd7 10. b3 g5 11. Bb2 h5 12. c4 g4 13. Ne1 Nxd4 14. Bxd4 cxd4 15. Nc2
Qc7 16. Rfe1 Bc5 17. Rac1 dxc4 18. Nxc4 Qc6 19. Qf1 Kf8 20. b4 Be7 21. Nxd4 Qa4
22. a3 Bd5 23. Ne3 Qxa3 24. Nxd5 exd5 25. Rc7 Nc5 26. bxc5 bxc5 27. Ra1 Qc3 28.
Nf5 Bd8 29. Raxa7 Rxa7 30. Rxa7 Qxe5 31. Ra8 Qc7 32. Qa1 Rh7 33. Qf6 Ke8 34.
Bb5+ 1-0

[Event "DJK Aufwärts Aachen 1 - SG Porz 2"]
[Site "Oberliga NRW 2010/2011"]
[Date "2011.04.03"]
[Round "9.8"]
[White "Tochtenhagen, Wolfgang"]
[Black "Kremser, Michael"]
[Result "1/2-1/2"]
[WhiteElo "2127"]
[BlackElo "1984"]
[PlyCount "43"]
[EventDate "2011.??.??"]

1. e4 c5 2. Nf3 d6 3. d4 cxd4 4. Nxd4 Nf6 5. Nc3 a6 6. Be3 e6 7. f3 d5 8. e5
Nfd7 9. f4 Bb4 10. Bd3 Qc7 11. O-O Nc6 12. Qg4 Nxd4 13. Bxd4 Bc5 14. Bxc5 Qxc5+
15. Kh1 g6 16. Rae1 Nb6 17. Qh4 Bd7 18. Ne2 Rc8 19. Qf6 Rg8 20. Qh4 Rh8 21. Qf6
Rg8 22. Qh4 1/2-1/2

[Event "SV Castrop-Rauxel 1 - Godesberger SK 1"]
[Site "Oberliga NRW 2010/2011"]
[Date "2011.04.03"]
[Round "9.1"]
[White "Dranov, Aleksandr"]
[Black "Kartsev, Soel"]
[Result "1-0"]
[WhiteElo "2442"]
[BlackElo "2131"]
[PlyCount "75"]
[EventDate "2011.??.??"]

1. d4 d5 2. Nf3 Nf6 3. c4 e6 4. Nc3 c6 5. e3 Nbd7 6. Qc2 Bd6 7. b3 O-O 8. Bd3
dxc4 9. bxc4 e5 10. O-O Re8 11. Bb2 Qe7 12. Ne4 Nxe4 13. Bxe4 g6 14. c5 Bc7 15.
Rfe1 Nf6 16. dxe5 Nxe4 17. Qxe4 Qxc5 18. Qh4 Be6 19. Ng5 h5 20. Ne4 Qb5 21.
Nf6+ Kg7 22. Nxe8+ Rxe8 23. Bc3 c5 24. e4 Bd8 25. Qg3 h4 26. Qe3 h3 27. f4 Bb6
28. a4 Qb3 29. a5 Bd8 30. Rab1 Qa2 31. Rb2 Qa3 32. f5 Bxa5 33. Bxa5 Qxb2 34.
Qxh3 Qd4+ 35. Kh1 Rh8 36. Qg3 Qa4 37. Bc3 Bc8 38. e6+ 1-0

[Event "SV Castrop-Rauxel 1 - Godesberger SK 1"]
[Site "Oberliga NRW 2010/2011"]
[Date "2011.04.03"]
[Round "9.2"]
[White "Fischer, Thomas"]
[Black "Mertens, Heiko"]
[Result "0-1"]
[WhiteElo "2120"]
[BlackElo "2327"]
[PlyCount "78"]
[EventDate "2011.??.??"]

1. Nf3 Nf6 2. c4 e6 3. Nc3 d5 4. d4 Be7 5. Bg5 Nbd7 6. e3 O-O 7. Bd3 a6 8. a3
dxc4 9. Bxc4 b5 10. Be2 c5 11. dxc5 Nxc5 12. Qxd8 Rxd8 13. O-O Bb7 14. Rfd1 h6
15. Bf4 Nd5 16. Nxd5 Bxd5 17. b4 Ne4 18. Be5 Nd6 19. Nd2 f6 20. Bd4 Kf8 21. Bf3
Bxf3 22. gxf3 Nf5 23. Bb6 Rdb8 24. Bc5 Bxc5 25. bxc5 Rc8 26. Rac1 Ra7 27. Kf1
Ke7 28. Nb3 Rac7 29. e4 Nh4 30. Ke2 Ng2 31. Rd2 Nf4+ 32. Ke1 a5 33. Nxa5 Rxc5
34. Rb1 Rc1+ 35. Rd1 R1c2 36. Rd2 Rc1+ 37. Rd1 Ng2+ 38. Kd2 R1c2+ 39. Kd3 R8c3+
0-1

[Event "SV Castrop-Rauxel 1 - Godesberger SK 1"]
[Site "Oberliga NRW 2010/2011"]
[Date "2011.04.03"]
[Round "9.3"]
[White "Schmidt, Bodo"]
[Black "Kartsev, Alexandr"]
[Result "0-1"]
[WhiteElo "2333"]
[BlackElo "2164"]
[PlyCount "66"]
[EventDate "2011.??.??"]

1. d4 d5 2. c4 e6 3. Nf3 Nf6 4. cxd5 exd5 5. Bg5 Be7 6. Qc2 O-O 7. e3 Ne4 8.
Bxe7 Qxe7 9. Nc3 c6 10. Bd3 f5 11. O-O Nd7 12. Rab1 Rf6 13. b4 Rh6 14. Ne2 Nf8
15. Rfe1 g5 16. Ne5 g4 17. Bxe4 fxe4 18. Ng3 Qh4 19. Nf1 Ne6 20. f4 gxf3 21.
gxf3 Ng5 22. Qg2 Bh3 23. Qg3 Qxg3+ 24. hxg3 exf3 25. Nd2 Rf8 26. Kf2 Bf5 27.
Rh1 Nh3+ 28. Rxh3 Rxh3 29. Rf1 Rh2+ 30. Ke1 Re2+ 31. Kd1 Rxe3 32. Rxf3 Bg4 33.
Nxg4 Rexf3 0-1

[Event "SV Castrop-Rauxel 1 - Godesberger SK 1"]
[Site "Oberliga NRW 2010/2011"]
[Date "2011.04.03"]
[Round "9.4"]
[White "Hille, Ralph Ingo"]
[Black "Grimm, Sascha"]
[Result "0-1"]
[WhiteElo "2096"]
[BlackElo "2303"]
[PlyCount "67"]
[EventDate "2011.??.??"]

1. b3 d5 2. Bb2 c5 3. e3 Nc6 4. Bb5 Bd7 5. f4 e6 6. Nf3 f6 7. O-O Bd6 8. d4
Nge7 9. c4 a6 10. Bxc6 Bxc6 11. Nbd2 b6 12. Qe1 O-O 13. g4 Rc8 14. Qh4 b5 15.
cxb5 Bxb5 16. Rfc1 Qd7 17. a4 Bd3 18. dxc5 Bxc5 19. Bd4 Bb4 20. Rxc8 Rxc8 21.
Ne1 Bg6 22. Ndf3 Be4 23. h3 Rc6 24. Qf2 Qc8 25. Nd2 Bg6 26. Ndf3 h6 27. Qe2 a5
28. Bb2 Be4 29. Nd2 Rc2 30. Nxc2 Qxc2 31. Bc1 Bc3 32. Rb1 Bxd2 33. Bxd2 Qxb1+
34. Kf2 0-1

[Event "SV Castrop-Rauxel 1 - Godesberger SK 1"]
[Site "Oberliga NRW 2010/2011"]
[Date "2011.04.03"]
[Round "9.5"]
[White "Armbruster, Alexander"]
[Black "Panofen, Ingo"]
[Result "1-0"]
[WhiteElo "2238"]
[BlackElo "1900"]
[PlyCount "99"]
[EventDate "2011.??.??"]

1. Nf3 d5 2. c4 c6 3. d4 Nf6 4. e3 e6 5. Nc3 Be7 6. Bd3 Nbd7 7. O-O O-O 8. b3
b6 9. Bb2 Bb7 10. Rc1 Rc8 11. Qe2 dxc4 12. bxc4 c5 13. Rfd1 Qc7 14. Nb5 Qb8 15.
Ne5 a6 16. Nxd7 Nxd7 17. Nc3 Nf6 18. d5 exd5 19. Nxd5 Nxd5 20. cxd5 f5 21. Qc2
g6 22. d6 Bf6 23. d7 Rcd8 24. Qb3+ Kg7 25. Qxb6 Rxd7 26. Bxf6+ Rxf6 27. Qxc5
Qd6 28. Qc3 Qc6 29. Qxc6 Rxc6 30. Rxc6 Bxc6 31. Be2 Rxd1+ 32. Bxd1 Bd5 33. Bb3
Bc6 34. f4 Kf6 35. Kf2 h6 36. g3 Ke7 37. Ke2 Kd6 38. Kd3 Kc5 39. Kc3 Be4 40. h4
Bc6 41. Bf7 Bd5 42. Bxg6 Bxa2 43. Bxf5 a5 44. g4 Kd6 45. h5 Ke7 46. g5 hxg5 47.
fxg5 Kf8 48. h6 Kf7 49. Bd3 Kf8 50. g6 1-0

[Event "SV Castrop-Rauxel 1 - Godesberger SK 1"]
[Site "Oberliga NRW 2010/2011"]
[Date "2011.04.03"]
[Round "9.6"]
[White "Lucke, Thomas"]
[Black "Luetke, Jens"]
[Result "1/2-1/2"]
[WhiteElo "1894"]
[BlackElo "2281"]
[PlyCount "147"]
[EventDate "2011.??.??"]

1. d4 f5 2. e4 fxe4 3. Nc3 Nf6 4. Bg5 Nc6 5. d5 Ne5 6. Qd4 Nf7 7. Bh4 c6 8.
O-O-O Qb6 9. Bxf6 gxf6 10. Nxe4 Qxd4 11. Rxd4 f5 12. Ng3 cxd5 13. Nxf5 e6 14.
Ne3 b6 15. g3 Bc5 16. Rd1 Ne5 17. Nh3 Bb7 18. Bg2 Bxe3+ 19. fxe3 h5 20. b3 Rc8
21. Kd2 Rc7 22. Nf4 h4 23. a4 a5 24. c3 Rg8 25. gxh4 Ng4 26. Rhg1 Nxh2 27. Bh1
Rh8 28. h5 d4 29. exd4 Bf3 30. Rc1 Bxh5 31. Nxh5 Rxh5 32. Rg3 Rh4 33. Rcg1 Ke7
34. Kd3 Rc8 35. c4 Rf8 36. Be4 Rff4 37. Re1 Ng4 38. Bf3 Nf6 39. d5 Kd6 40. dxe6
dxe6 41. Bg2 Nd7 42. Kc3 Nc5 43. Rge3 Rf2 44. R1e2 Rxe2 45. Rxe2 Rg4 46. Bf3
Rg3 47. Re3 e5 48. Kd2 e4 49. Bd1 Rg2+ 50. Kc3 Rg1 51. Bc2 Ke5 52. b4 axb4+ 53.
Kxb4 Kd4 54. Rh3 Rg2 55. Bxe4 Nxe4 56. a5 Rb2+ 57. Ka3 Rb1 58. axb6 Nc5 59.
Rh4+ Kc3 60. Rh3+ Nd3 61. Ka4 Rxb6 62. c5 Rc6 63. Kb5 Rxc5+ 64. Kb6 Rg5 65. Kc6
Rf5 66. Rh4 Ne5+ 67. Kd6 Nf3 68. Ra4 Nd4 69. Ra1 Rf6+ 70. Ke5 Rf8 71. Ra3+ Kc4
72. Ra4+ Kc5 73. Ra5+ Nb5 74. Ke4 1/2-1/2

[Event "SV Castrop-Rauxel 1 - Godesberger SK 1"]
[Site "Oberliga NRW 2010/2011"]
[Date "2011.04.03"]
[Round "9.7"]
[White "Andersen, Hans-Christoph"]
[Black "Mittelbachert, Ulrich"]
[Result "1-0"]
[WhiteElo "2210"]
[BlackElo "1859"]
[PlyCount "75"]
[EventDate "2011.??.??"]

1. d4 d6 2. e4 g6 3. c4 Bg7 4. Nc3 Nc6 5. d5 Ne5 6. Be3 Nf6 7. h3 O-O 8. Nf3
Nxf3+ 9. Qxf3 c6 10. Qd1 Qa5 11. Qd2 Bd7 12. Bd3 cxd5 13. cxd5 Rfc8 14. O-O b5
15. a3 a6 16. Bd4 Be8 17. b4 Qd8 18. Qb2 Nh5 19. Ne2 e5 20. dxe6 fxe6 21. f4 e5
22. fxe5 dxe5 23. Qb3+ Kh8 24. Bc5 Nf4 25. Rad1 Qg5 26. Nxf4 exf4 27. Bb1 Rc7
28. Bd6 Bf7 29. Qf3 Rc3 30. Qxf4 Qxf4 31. Rxf4 Bb3 32. Re1 Bd4+ 33. Kh2 Kg7 34.
e5 Be3 35. Rf3 Rc1 36. Rxc1 Bxc1 37. Rxb3 Rc8 38. Rf3 1-0

[Event "SV Castrop-Rauxel 1 - Godesberger SK 1"]
[Site "Oberliga NRW 2010/2011"]
[Date "2011.04.03"]
[Round "9.8"]
[White "Zobiegala, Christoph"]
[Black "Mantau, Jan"]
[Result "0-1"]
[WhiteElo "1725"]
[BlackElo "2144"]
[Annotator "Hausrath,Daniel"]
[PlyCount "92"]
[EventDate "2011.??.??"]

1. d4 Nf6 2. c4 g6 3. Nc3 Bg7 4. e4 O-O 5. e5 Ne8 6. f4 d6 7. Nf3 Bg4 8. Be3 c5
9. dxc5 Nc6 10. cxd6 exd6 11. Be2 Qa5 12. Qd5 Be6 13. Qxa5 Nxa5 14. b3 dxe5 15.
Bc5 e4 16. Ne5 f6 17. Bxf8 Kxf8 18. O-O fxe5 19. fxe5+ Kg8 20. Nxe4 Bxe5 21.
Rad1 Nc6 22. Ng5 Bf5 23. Bf3 Nf6 24. Bxc6 $11 bxc6 25. Nf3 Bf4 26. Nd4 Be3+ 27.
Kh1 Ne4 28. Nxf5 gxf5 29. Rxf5 Nf2+ 30. Rxf2 Bxf2 31. Rd7 Re8 32. g3 Re1+ 33.
Kg2 Re2 34. Kf3 Rxa2 35. Rd8+ Kf7 36. Rd7+ Kg6 37. Rd6+ Kf5 38. g4+ Ke5 39.
Rxc6 Bd4 40. Rh6 Rf2+ 41. Kg3 Rf7 42. Rh5+ Ke4 43. b4 Rf3+ 44. Kg2 Rf2+ 45. Kg3
Rb2 46. Rxh7 Be5+ 0-1

[Event "SV Letmathe 1 - SV Würselen 1"]
[Site "NRW-Klasse, Gruppe 1 2010/201"]
[Date "2010.09.26"]
[Round "1.1"]
[White "Budde, Vladimir"]
[Black "Podzielny, Karl-Heinz"]
[Result "1-0"]
[WhiteElo "2267"]
[BlackElo "2382"]
[PlyCount "117"]
[EventDate "2010.??.??"]

1. e4 c5 2. Nc3 Nc6 3. f4 e6 4. Nf3 a6 5. d4 cxd4 6. Nxd4 Qc7 7. Be3 b5 8. Nxc6
Qxc6 9. Bd3 Bb7 10. a3 Nf6 11. e5 Nd5 12. Nxd5 Qxd5 13. Rg1 d6 14. exd6 Bxd6
15. Qe2 Rc8 16. Rd1 Qc6 17. Qg4 Bc5 18. Qh3 Qb6 19. Bxc5 Rxc5 20. Rf1 b4 21. a4
b3 22. c3 g6 23. Rf2 Rd5 24. Be2 Rxd1+ 25. Bxd1 O-O 26. c4 Rd8 27. Qxb3 Qd4 28.
Bc2 Qc5 29. Qc3 a5 30. b3 Bc6 31. Kf1 Qa3 32. Qxa5 Rd4 33. Qe1 Qd6 34. Qe5 Qd7
35. Re2 Rd2 36. Qc3 Rd4 37. g3 e5 38. fxe5 Qh3+ 39. Ke1 Rf4 40. Kd2 Rf1 41. e6
fxe6 42. Qe5 Bd7 43. c5 Qh6+ 44. Qe3 Qh5 45. Qd4 Bc6 46. Qd8+ Rf8 47. Qd4 Qg5+
48. Qe3 Qd8+ 49. Kc1 Rf1+ 50. Re1 Rf6 51. b4 Bd5 52. Qd4 Rf3 53. Kb2 Qf8 54.
Re2 Rf1 55. b5 Rh1 56. Rf2 Qh6 57. Qd2 Qg7+ 58. Qc3 Qh6 59. Rd2 1-0

[Event "SV Letmathe 1 - SV Würselen 1"]
[Site "NRW-Klasse, Gruppe 1 2010/201"]
[Date "2010.09.26"]
[Round "1.2"]
[White "Oswald, Hans-Joachim"]
[Black "Cekro, Ekrem"]
[Result "0-1"]
[WhiteElo "2262"]
[BlackElo "2371"]
[PlyCount "60"]
[EventDate "2010.??.??"]

1. Nf3 Nf6 2. c4 e6 3. g3 d5 4. b3 c5 5. Bg2 Nc6 6. O-O d4 7. e3 e5 8. d3 Be7
9. exd4 exd4 10. Re1 O-O 11. h3 h6 12. Ne5 Nxe5 13. Rxe5 Bd6 14. Re1 Qc7 15.
Kh2 Bd7 16. Nd2 Rae8 17. Ne4 Nxe4 18. Bxe4 Bc6 19. Qf3 Rxe4 20. dxe4 f5 21. Bf4
fxe4 22. Bxd6 Qxd6 23. Qe2 Rf3 24. Rg1 Qf6 25. Raf1 Qf5 26. g4 Qf4+ 27. Rg3 d3
28. Qd1 e3 29. Qxf3 Qxf3 30. Rxf3 e2 0-1

[Event "SV Letmathe 1 - SV Würselen 1"]
[Site "NRW-Klasse, Gruppe 1 2010/201"]
[Date "2010.09.26"]
[Round "1.3"]
[White "Goossens, Etienne"]
[Black "Adamski, Jan"]
[Result "1/2-1/2"]
[WhiteElo "2214"]
[BlackElo "2240"]
[PlyCount "32"]
[EventDate "2010.??.??"]

1. e4 c5 2. c3 d5 3. exd5 Qxd5 4. d4 Nf6 5. Nf3 e6 6. Na3 Qd8 7. Bf4 Nc6 8.
dxc5 Bxc5 9. Qxd8+ Kxd8 10. Nb5 Ne4 11. Rd1+ Ke7 12. Nbd4 Nxd4 13. Nxd4 Bd7 14.
Bd3 Nf6 15. Be2 Nd5 16. Bg3 Ba4 1/2-1/2

[Event "SV Letmathe 1 - SV Würselen 1"]
[Site "NRW-Klasse, Gruppe 1 2010/201"]
[Date "2010.09.26"]
[Round "1.4"]
[White "Soukup, Jiri"]
[Black "Bogoevski, Jani"]
[Result "0-1"]
[WhiteElo "2281"]
[BlackElo "2158"]
[PlyCount "68"]
[EventDate "2010.??.??"]

1. e4 e6 2. d4 d5 3. exd5 exd5 4. c4 Bb4+ 5. Nc3 Qe7+ 6. Be3 Nf6 7. h3 Ne4 8.
Qb3 Ng3 9. Rh2 Nc6 10. Nf3 Na5 11. Qd1 Bxc3+ 12. bxc3 Nxf1 13. Kxf1 Nxc4 14.
Bf4 O-O 15. Ne5 Re8 16. Nxc4 dxc4 17. g4 Be6 18. f3 Bd5 19. Rf2 h5 20. g5 Qd7
21. Kg2 Qf5 22. Bxc7 Qxg5+ 23. Kh2 Re7 24. Rg2 Qf5 25. Bg3 Rae8 26. Qg1 Be6 27.
Qf2 Qxh3+ 28. Kg1 Bd5 29. Be5 Rxe5 30. dxe5 Bxf3 31. Rh2 Qg4+ 32. Kf1 Rxe5 33.
Re1 Be4 34. Rxe4 Rxe4 0-1

[Event "SV Letmathe 1 - SV Würselen 1"]
[Site "NRW-Klasse, Gruppe 1 2010/201"]
[Date "2010.09.26"]
[Round "1.5"]
[White "Andok, Claus Michael"]
[Black "Pfleger, Sascha"]
[Result "1/2-1/2"]
[WhiteElo "2082"]
[BlackElo "2020"]
[Annotator ",Daniel"]
[PlyCount "94"]
[EventDate "2010.??.??"]

1. e4 c5 2. Nf3 a6 3. d3 Nc6 4. g3 g6 5. Bg2 Bg7 6. O-O b5 7. Na3 Bb7 8. c3 Nh6
9. Nc2 O-O 10. Re1 Ng4 11. d4 cxd4 12. cxd4 f5 13. e5 Rc8 14. h3 Nh6 15. Bd2
Na5 16. Bc3 Nc4 17. Nh4 Qc7 18. Rc1 f4 19. g4 Nf7 20. Bxb7 Qxb7 21. Qf3 Qa7 22.
Qg2 a5 23. a3 $11 Bh6 24. Nf3 Ng5 25. h4 Nxf3+ 26. Qxf3 e6 27. Red1 Nb6 28. Ne1
Nd5 29. Nd3 Rc4 30. Nc5 Rc8 31. b3 R4xc5 32. dxc5 Qxc5 33. Bb2 Qf8 34. Rxc8
Qxc8 35. g5 Bg7 36. Rxd5 exd5 37. Qxd5+ Kh8 38. Qxb5 d6 39. f3 dxe5 40. Qxa5 h5
41. gxh6 Bf6 42. Qb6 Qf5 43. Qc7 Qd3 44. Qc6 Qd1+ 45. Kg2 Qe2+ 46. Kg1 Qe1+ 47.
Kg2 Qe2+ 1/2-1/2

[Event "SV Letmathe 1 - SV Würselen 1"]
[Site "NRW-Klasse, Gruppe 1 2010/201"]
[Date "2010.09.26"]
[Round "1.6"]
[White "Gruermann, Martin"]
[Black "Heinichen, Nils"]
[Result "1-0"]
[WhiteElo "2124"]
[BlackElo "2034"]
[PlyCount "105"]
[EventDate "2010.??.??"]

1. e4 c5 2. Nf3 Nc6 3. Bb5 g6 4. O-O Bg7 5. Re1 e5 6. c3 Nge7 7. d4 cxd4 8.
cxd4 exd4 9. e5 O-O 10. Bg5 Qa5 11. Na3 a6 12. Bxc6 Nxc6 13. Nc4 Qb4 14. Rc1 d5
15. exd6 Be6 16. a3 Qb5 17. a4 Qc5 18. Ncd2 Qxd6 19. Ne4 Qb4 20. Nc5 Bg4 21. h3
Bxf3 22. Qxf3 Rfe8 23. Re4 Ne5 24. Qd1 Rac8 25. Bd2 Qb6 26. b4 Nc6 27. Qb3 Rxe4
28. Nxe4 Re8 29. Nd6 Re6 30. Nc4 Qd8 31. b5 Ne7 32. Na5 Re2 33. Qd3 Re6 34.
Nxb7 Qd5 35. Nc5 Rf6 36. Nxa6 h6 37. Nb4 Qh5 38. Qxd4 Re6 39. Qg4 Qe5 40. Re1
Qd6 41. Rxe6 fxe6 42. Qf4 e5 43. Qe3 Nf5 44. Qb3+ Kh7 45. Qd5 Qe7 46. b6 e4 47.
b7 e3 48. fxe3 Nxe3 49. Qd3 Qc5 50. Qxe3 Bd4 51. b8=Q Bxe3+ 52. Bxe3 Qxe3+ 53.
Kh2 1-0

[Event "SV Letmathe 1 - SV Würselen 1"]
[Site "NRW-Klasse, Gruppe 1 2010/201"]
[Date "2010.09.26"]
[Round "1.7"]
[White "Schmitz, Juergen"]
[Black "Weyrauch, Erich"]
[Result "0-1"]
[WhiteElo "1906"]
[BlackElo "2005"]
[PlyCount "82"]
[EventDate "2010.??.??"]

1. e4 c5 2. Nf3 d6 3. d4 cxd4 4. Nxd4 Nf6 5. Nc3 g6 6. Be2 Bg7 7. O-O Nc6 8.
Be3 Bd7 9. Kh1 a6 10. h3 Rc8 11. Rb1 O-O 12. f4 Qc7 13. a3 Na5 14. Qe1 Nc4 15.
Bxc4 Qxc4 16. Rd1 Qc7 17. f5 Bc6 18. Qh4 Nh5 19. fxg6 hxg6 20. Nf5 Rce8 21.
Nxg7 Nxg7 22. Bd4 e5 23. Be3 f5 24. Nd5 Bxd5 25. Rxd5 f4 26. Bd2 Re6 27. Bc3
Qc4 28. Qe1 Nh5 29. Rf3 Ng3+ 30. Kh2 Qxe4 31. Qd1 Nf5 32. Rd2 Ne3 33. Qe2 d5
34. Bb4 Rf5 35. Bc5 d4 36. Qf2 Rh5 37. Qe2 Rg5 38. Qd3 Qxd3 39. cxd3 b6 40. b4
bxc5 41. bxc5 Rc6 0-1

[Event "SV Letmathe 1 - SV Würselen 1"]
[Site "NRW-Klasse, Gruppe 1 2010/201"]
[Date "2010.09.26"]
[Round "1.8"]
[White "Hunold, Rolf"]
[Black "Popielas, Hans"]
[Result "1-0"]
[WhiteElo "1951"]
[BlackElo "1815"]
[PlyCount "53"]
[EventDate "2010.??.??"]

1. e4 e6 2. d4 d5 3. Nd2 dxe4 4. Nxe4 Nf6 5. Bd3 Be7 6. Nf3 Nbd7 7. c3 Nxe4 8.
Bxe4 Nf6 9. Bd3 c5 10. dxc5 Bxc5 11. O-O O-O 12. Bg5 h6 13. Bh4 b6 14. Qe2 Bb7
15. Rad1 Qe7 16. Ne5 g5 17. Bg3 Kg7 18. Nc4 Qe8 19. Be5 Qc6 20. Ne3 Rad8 21. b4
Be7 22. f4 Rh8 23. fxg5 hxg5 24. Ng4 Rxd3 25. Rxd3 Ba6 26. Nxf6 Bxf6 27. Rxf6
1-0